00907nam a22001817a 4500003000900000008004100009040007100050082001500121100002000136245012300156260005200279300006300331440003700394505022000431650001900651650002300670650003200693AR-CdUCM190319b ||||| |||| 00| 0 spa d aMUNICIPALIDAD PROVINCIAL DEL CUSCOcBIBLIOTECA MUNICIPAL DEL CUSCO a070 /bB45 aBergman, Roland aTierras del Altiplano y economia campesina :bAgricultura en los limites más altos de los Andes del Sur del Perú / aCusco :bCentro Bartolome de las Casas ,c2000. a330 páginas ;c30.7 cm.e10 Planos Aerófotogrametricos aEstudios Urbanos Regionales ;n5 aContenido : 1. Agricultura 2. Tenencia de la Tierra 3. Uso de la Tierra 4. Sistemas agrícolas 5. Rotación de cultivos 6. Comunidades campesinas 7. Economía campesina 8. Poblacion Indígena 9. Perú - Puno... aEconomia Rural aAgricultura Andina aEstudios economicos rurales